000 00490 a2200157 4500
999 _c211
_d211
008 220330b ||||| |||| 00| 0 eng d
020 _a9789280161175
082 0 0 _a616.0252
_bI339
110 _976
_aInternational Maritime Organization
245 _aElementary first aid (Model Course 1.13)
260 _aLondon:
_bInternational Maritime Organization,
_c2000.
300 _av, 60 p.
490 0 _aModel Course;
_v1.13, Course and Compendium
650 0 _aMerchant Marine
942 _2ddc
_cBK